Потерял ногу - потерял зазнобу. Т. 1: [Потерял ногу - потерял зазнобу | Художник Замшин | Погонщики | Сергей Кудрин | Пролог] (Запись № 7281028)

Подробности
000 -МАРКЕР
контрольное поле 01355nam2a22002771 4500
001 - ИДЕНТИФИКАТОР ЗАПИСИ
контрольное поле v19\rc\1997387
005 - ИДЕНТИФИКАТОР ВЕРСИИ
контрольное поле 20251118181416.9
035 ## - ДРУГИЕ СИСТЕМНЫЕ НОМЕРА
Идентификатор записи (NLR Aleph) 005089434
100 ## - ДАННЫЕ ОБЩЕЙ ОБРАБОТКИ
Данные общей обработки 20080811d1915 u y0rusy50 ca
101 0# - ЯЗЫК РЕСУРСА
Язык текста, звукозаписи и т.д. русский
102 ## - СТРАНА ПУБЛИКАЦИИ ИЛИ ПРОИЗВОДСТВА
Страна публикации Российская Федерация
105 ## - ПОЛЕ КОДИРОВАННЫХ ДАННЫХ: ТЕКСТОВЫЕ МАТЕРИАЛЫ, МОНОГРАФИЧЕСКИЕ
Кодированные данные о монографическом текстовом документе c z |||||
200 1# - ЗАГЛАВИЕ И СВЕДЕНИЯ ОБ ОТВЕТСТВЕННОСТИ
Основное заглавие [Потерял ногу - потерял зазнобу
Сведения, относящиеся к заглавию (На фоне войны)
Основное заглавие Художник Замшин
Сведения, относящиеся к заглавию (На фоне войны)
Основное заглавие Погонщики
-- Сергей Кудрин
-- Пролог]
210 ## - ПУБЛИКАЦИЯ, РАСПРОСТРАНЕНИЕ И ДР.
Дата издания, распространения и т.д. 1915
215 ## - ФИЗИЧЕСКАЯ ХАРАКТЕРИСТИКА
Специфическое обозначение материала и объем [4], 124 с., 1 л. портр.
461 #0 - УРОВЕНЬ НАБОРА
Встроенное поле 001v19\rc\1997386
-- 2001#$aПотерял ногу - потерял зазнобу$e(На фоне войны). Т. 1-$fН. Беляков-Горский$vТ. 1
-- 700#1$aБеляков-Горский$bН.
Системный номер (АБИС) связанной записи 7281023
Автор Беляков-Горский, Н.
Место публикации Москва
Дата публикации 1915
Первые сведения об ответственности Н. Беляков-Горский
Имя издателя, распространителя и т.д. Типо-лит. В. Рихтер
Сведения, относящиеся к заглавию (На фоне войны). Т. 1-
Физическая характеристика 124 с., 1 л. портр.
Заглавие Потерял ногу - потерял зазнобу
Номер тома Т. 1
540 1# - ДОПОЛНИТЕЛЬНОЕ ЗАГЛАВИЕ, ПРИМЕНЯЕМОЕ КАТАЛОГИЗАТОРОМ
Заглавие Потерял ногу - потерял зазнобу
801 #0 - ИСТОЧНИК ЗАПИСИ
Страна Российская Федерация
Организация NLR
Правила каталогизации psbo
801 #0 - ИСТОЧНИК ЗАПИСИ
Страна Российская Федерация
Организация RuMoRGB
Источник данных psbo
801 #1 - ИСТОЧНИК ЗАПИСИ
Страна Российская Федерация
Организация ProSoft-M
Источник данных rusmarc
852 ## - МЕСТОНАХОЖДЕНИЕ И ШИФР ХРАНЕНИЯ
Идентификатор организации NLR
Шифр хранения (Call Number) 37.74.3.44
899 ## - ДАННЫЕ О МЕСТОНАХОЖДЕНИИ (устаревшее)
Местонахождение RuMoRGB
Шифр хранения V 158/37
899 ## - ДАННЫЕ О МЕСТОНАХОЖДЕНИИ (устаревшее)
Местонахождение БАН
942 ## - ДОПОЛНИТЕЛЬНЫЕ ЭЛЕМЕНТЫ ЗАПИСИ (АБИС)
Тип экземпляра АБИС Книга
980 ## - КОЛЛЕКЦИЯ
Название коллекции Национальная библиография
Экземпляры
Тип экземпляра Дата поступления Библиотека постоянного хранения Библиотека текущего хранения Место хранения Шифр хранения Штрих-код Статус экземпляра
Книга 26.10.2013 РНБ (Московский) РНБ (Московский) Неопределен, для заказа не доступен, в ЭК виден   5089434-30  
Книга 26.10.2013 РНБ (Садовая) РНБ (Садовая) Русский книжный фонд -Главное здание, Ленинский читальный зал 37.74.3.44 5089434-10